| 000 | 00502nam a22001577a 4500 | ||
|---|---|---|---|
| 003 | OSt | ||
| 005 | 20221021194806.0 | ||
| 008 | 221021b |||||||| |||| 00| 0 eng d | ||
| 040 | _cBiblioteca LadoV | ||
| 082 |
_a700.74 _bD885bie |
||
| 100 |
_9193 _aDumani, Alexia _ecoordinación |
||
| 245 | _aBienarte 2003/ | ||
| 260 |
_aCosta Rica _bGalerÃa Nacional, Centro Costarricense de la Ciencia y la Cultura _c2003 |
||
| 300 |
_a56p. _c23x23cm |
||
| 942 |
_2ddc _c1 _h700.74 _iD885bie _n0 |
||
| 999 |
_c2335 _d2335 |
||